000 00813cam a2200289 4500500
005 20260329005021.0
041 _afre
042 _adc
100 1 0 _aGastineau, Nicolas
_eauthor
245 0 0 _aFourmies : grandeur et décadence d’un bastion de la gauche
260 _c2022.
500 _a63
690 _aChômage
690 _aDignité
690 _aDroite
690 _aGauche
690 _aIndustrie
690 _aJeremy Rifkin
690 _aNord
690 _aNord-Pas-de-Calais
690 _aPolitique
690 _aRassemblement national
690 _aTravail
690 _aUsine
786 0 _nPhilosophie magazine | 157 | 3 | 2022-03-01 | p. 30-32 | 1951-1787
856 4 1 _uhttps://shs.cairn.info/magazine-philosophie-magazine-2022-3-page-30?lang=fr&redirect-ssocas=7080
999 _c1839498
_d1839498